00705 2200229 4500001002100000005001700021008004100038035002400079041000800103043001200111082001100123090002200134100005000156245011700206260003600323300001800359650002300377850001200400999002100412999002100433999002100454YOGYA-0511000000171220110526131712.0 ind  0010-051100000001711 aInd aYOPDYOG a352.94 aYOG 352.94bKul B aKULON PROGO (kabupaten) Departemen Penerangan aBuku panduan pameran pembangunan Hapsak pancasila dan hari jadi Kabupaten Kulon Progo 1995/Departemen Penerangan aWatesbDepartemen Penerangan RI a29 hlmc18 cm aPembangunan daerah aYOPDYOG aCB-D.11 1995-680 aCB-D.11 1995-681 aCB-D.11 1995-682